|
|
|
|
| LEADER |
00000nam0a2200000 4500 |
| 001 |
258928 |
| 005 |
20231101233335.0 |
| 010 |
|
|
|a 9785811416554
|
| 035 |
|
|
|a (RuTPU)RU\TPU\book\281819
|
| 090 |
|
|
|a 258928
|
| 100 |
|
|
|a 20140429d2014 m y0rusy50 ca
|
| 101 |
0 |
|
|a rus
|
| 102 |
|
|
|a RU
|
| 105 |
|
|
|a a j 001zy
|
| 200 |
1 |
|
|a Задачник по гидравлике с примерами расчетов
|e учебное пособие для вузов
|f Е. А. Крестин, И. Е. Крестин
|
| 205 |
|
|
|a 3-е изд., доп.
|
| 210 |
|
|
|a Санкт-Петербург
|c Лань
|d 2014
|
| 215 |
|
|
|a 320 с.
|c ил.
|
| 225 |
1 |
|
|a Учебники для вузов. Специальная литература
|
| 320 |
|
|
|a Библиогр.: с. 317.
|
| 330 |
|
|
|a Для подготовки высококвалифицированных специалистов необходимо глубокое и всестороннее изучение преподаваемых дисциплин. Теоретические законы наиболее полно понимаются при применении их на практике. Поэтому наиболее важным способом познания являются лабораторный практикум и решение задач. В этом случае студенты самостоятельно на практике применяют законы гидростатики и уравнения гидродинамики, осмысливая при этом в конкретных инженерных задачах всю глубину физического явления и процессов механики жидкости и газа. «Задачник по гидравлике с примерами расчетов» составлен как учебное пособие по дисциплинам «Гидравлика», «Основы гидравлики и теплотехники», «Водоснабжение и водоотведение с основами гидравлики», «Механика жидкости и газа» в соответствии с учебными программами для специальностей и направлений: гидротехническое строительство; дорожное строительство ское строительство; водоснабжение и водоотведение; теплогазо-снабжение и вентиляция; производство строительных конструкций.Задачник по гидравлике предназначен для использования в качестве пособия на практических занятиях, при выполнении курсовых, расчетно-графических и контрольных работ студентами всех форм обучения.
|
| 606 |
1 |
|
|a Гидравлика
|2 stltpush
|3 (RuTPU)RU\TPU\subj\6462
|9 34344
|
| 610 |
1 |
|
|a задачи
|
| 610 |
1 |
|
|a решения
|
| 610 |
1 |
|
|a расчеты
|
| 610 |
1 |
|
|a примеры
|
| 610 |
1 |
|
|a учебные пособия
|
| 610 |
1 |
|
|a жидкости
|
| 610 |
1 |
|
|a физические свойства
|
| 610 |
1 |
|
|a гидростатика
|
| 610 |
1 |
|
|a гидродинамика
|
| 610 |
1 |
|
|a напор
|
| 610 |
1 |
|
|a истечение
|
| 675 |
|
|
|a 532(076)
|v 3
|
| 700 |
|
1 |
|a Крестин
|b Е. А.
|g Евгений Александрович
|
| 701 |
|
1 |
|a Крестин
|b И. Е.
|g Илья Евгеньевич
|
| 801 |
|
1 |
|a RU
|b 63413507
|c 20140429
|
| 801 |
|
2 |
|a RU
|b 63413507
|c 20150701
|g RCR
|
| 942 |
|
|
|c BK
|
| 959 |
|
|
|a 77/20140429
|d 5
|e 760,10
|f ЧЗТЛ:1
|f АНЛ:1
|f УФ:3
|